000 00579nam a22001937a 4500
005 20130710141942.0
010 _aENG-107933
020 _c2195.00
_a9788180388187
035 _aEN-91466
037 _bDBAD/PUB
100 _aBhadbhade, Nilima
245 0 0 _aPollock & Mulla the Indian contract act, 1872 /
_cby Nilima Bhadbhade
250 _a14th ed
260 _aGurgaon
_bLexis Nexis
_c2013
270 _a14th Floor, Bldg. No.10, Tower-B, DLF Cyber City, Phase-II
_bGurgaon
_e122002
300 _accxcix, 1856p.
_c26cm(Hb)
500 _aIncludes index
942 _2ddc
_cEN
_mBHA
999 _c77372
_d77372